Finish the Play Title Quiz Stats

 Plays Quiz Updated Nov 14, 2013

Challenge
Share
Tweet
Embed
Score 0/40 Timer 08:00
6 Plays Today
% Correct
Afraid
94%
Death
93.6%
Merchant
92.7%
Take
91.6%
Earnest
91.1%
Dangerous
87.5%
Six
87.1%
Cyrano
84.7%
Rex
84.3%
Journey
83.2%
Dead
83%
Waiting
82.3%
Sun
80.6%
Titus
80%
Ross
76.2%
Chronicles
72.2%
Miracle
72.1%
Wind
71%
Our
70.3%
Opera
70.1%
% Correct
Piano
69.3%
Blues
68.6%
Doctor
67.2%
Miss
66.9%
Birthday
61.6%
Off
60%
Angels
58.8%
Wild
55.3%
Cocktail
53.1%
Sade
52.4%
Constant
51.5%
Intrigue
50.3%
Women
46.8%
Smoke
46%
Major
45.2%
Bald
42.6%
Boys
40.4%
Seven
37.7%
Wasps
32.8%
Invalid
30.7%

You're not logged in!

Compare scores with friends on all Sporcle quizzes.
OR
Log In

You Might Also Like...

Show Comments

Extras

Top Quizzes Today


Score Distribution

Your Account Isn't Verified!

In order to create a playlist on Sporcle, you need to verify the email address you used during registration. Go to your Sporcle Settings to finish the process.

Report this User

Report this user for behavior that violates our Community Guidelines.

Details: